Giving credit

Možnosti akreditácie neodborných kurzov - kurzov textilu a remesiel. Definovanie kvality. Charakteristika týchto kurzov a cieľ implementovať akreditačnú procedúru, ktorá by umožnila formálne uznanie a hodnotenie študentov spôsobom, ktorý poskytuje dôkaz o študijných úspechoch. Prekonávanie skepticiz...

Full description

Bibliographic Details
Main Authors: Hart, Ian (Author), Fletcher, Sian (Author)
Format: Article
Language:English

MARC

LEADER 00000nab a2200000 a 4500
001 vtls001505231
003 SK-MaSNL
005 20260303080017.0
008 050227s1998 xo 000 0 eng
035 |a SPKCL7558 
040 |a SPKCL  |b slo  |c SNKBUCL  |d ÚIP-SPK(SK)  |e AACR2 
041 |a eng 
044 |a xo  |c SK 
080 |a 371.214.19:371.381:371.27  |2 1981 
100 1 |a Hart, Ian  |4 aut  |9 459572 
245 1 0 |a Giving credit  |c Ian Hart; Sian Fletcher 
520 |a Možnosti akreditácie neodborných kurzov - kurzov textilu a remesiel. Definovanie kvality. Charakteristika týchto kurzov a cieľ implementovať akreditačnú procedúru, ktorá by umožnila formálne uznanie a hodnotenie študentov spôsobom, ktorý poskytuje dôkaz o študijných úspechoch. Prekonávanie skepticizmu a zábran voči skúškam zo strany študentov i učiteľov. Nové prístupy k hodnoteniu študentov v týchto kurzoch. Akreditácia je dobrovoľná a flexibilná. 
700 1 1 |a Fletcher, Sian  |4 aut  |9 1081280 
773 1 |t Adults Learning  |g Roč. 10, č. 3 (1998) s. 18-19 
850 |a Slovenská pedagogická knižnica Bratislava 
852 |a SPKCL  |b KIS3GCP  |b 000710000  |n SK 
999 |c 1778521  |d 1780451